|
|
|
|
| LEADER |
00000nam a22000007a 4500 |
| 005 |
20111006121129.0 |
| 008 |
111006s2011 ck |||||s|||| 00||0 spa d |
| 020 |
|
|
|a 978-958-8675-44-2
|
| 035 |
|
|
|a 5772
|
| 040 |
|
|
|a vLex
|
| 090 |
|
|
|c 2621
|d 2621
|
| 100 |
1 |
|
|a Diz Cruz, Evaristo
|
| 245 |
1 |
0 |
|a Planes y beneficios de Pensiones y Seguros
|h [Recurso electrn̤ico] :
|b Aspectos bs̀icos y modelos /
|c Evaristo Diz Cruz
|
| 256 |
|
|
|a Servicio en ln̕ea.
|
| 260 |
|
|
|a Bogot ̀:
|b Ediciones de la U,
|c 2011.
|
| 300 |
|
|
|a 1 recurso electrn̤ico
|
| 506 |
1 |
|
|a Contenido solo disponible en los productos indicados
|d vLex Global
|d vLex Global (Academic Edition, excluding Law Schools)
|d vLex Global (U.S. Academic Edition, Law Schools)
|d vLex Global (U.S. Academic Edition, excluding Law Schools)
|d vLex Global (Academic Edition, Law Schools)
|
| 650 |
0 |
4 |
|a Pensiones
|z Colombia
|
| 650 |
0 |
4 |
|a Seguros
|z Colombia
|
| 740 |
0 |
|
|a vLex Libros (Servicio en ln̕ea)
|
| 856 |
4 |
0 |
|u http://vlex.com/source/5772
|z Acceso restringido
|
| 942 |
|
|
|c BOOK
|